WHO technical report series; N.845 Information support for new public health action at district level

Spremljeno u:
Bibliografski detalji
Glavni autor: OMS
Format: Knjiga
Jezik:Undetermined
Izdano: Geneva OMS 1994
Teme:
Oznake: Dodaj oznaku
Bez oznaka, Budi prvi tko označuje ovaj zapis!
Thư viện lưu trữ: Trung tâm Học liệu Trường Đại học Cần Thơ
LEADER 00610nam a2200193Ia 4500
001 CTU_36909
008 210402s9999 xx 000 0 und d
082 |a 614 
082 |b T255/N.845 
100 |a OMS 
245 0 |a WHO technical report series; N.845 
245 0 |b Information support for new public health action at district level 
245 0 |c OMS 
260 |a Geneva 
260 |b OMS 
260 |c 1994 
650 |a community health services,infomation systems,public health administration 
904 |i Nguyễn Quang Điền, 000612 
980 |a Trung tâm Học liệu Trường Đại học Cần Thơ